| 000 | 01151cam a2200349 a 4500 | ||
|---|---|---|---|
| 001 | 4231 | ||
| 003 | FISKH | ||
| 005 | 20240705142141.0 | ||
| 008 | 090512s2007 nyua j 000 1 eng d | ||
| 010 | _a 2009419286 | ||
| 020 | _a9780545004015 | ||
| 020 | _a0545004012 | ||
| 020 | _a9780545004015 | ||
| 040 |
_aSFP _cSFP _dOCLCQ _dDLC _beng |
||
| 050 | _aPZ7.R6433 | ||
| 082 | _a511 | ||
| 100 | 1 | _aRoland, Timothy. | |
| 245 | 1 | 0 |
_aOur crazy class election / _cby Timothy Roland. |
| 260 |
_aNew York : _bScholastic, _c2007. |
||
| 300 |
_a90 pages : _billustrations ; _c20 cm |
||
| 490 | 1 |
_aComic guy ; _vBook 1 |
|
| 505 | _aJ | ||
| 520 | _aWhile trying to find material for his school newspaper comic strip, fifth-grader Guy Maloney finds himself running for homeroom president against Tank, the school's biggest bully, and Ollie, the science room pet monkey. | ||
| 521 | 8 |
_a460
_bLexile |
|
| 521 | 8 |
_aJ
_bRaz-Plus |
|
| 650 | 1 |
_aCartoons and comics _vFiction. |
|
| 650 | 1 |
_aElections _vFiction. |
|
| 650 | 1 |
_aSchools _vFiction. |
|
| 906 |
_a7 _bcbc _ccopycat _d2 _encip _f20 _gy-gencatlg |
||
| 942 |
_2ddc _cBK _n0 |
||
| 999 |
_c4231 _d4231 |
||